Hiwatig : (Record no. 7464)

MARC details
000 -LEADER
fixed length control field 01152cam a2200301 i 4500
003 - CONTROL NUMBER IDENTIFIER
control field URS
005 - DATE AND TIME OF LATEST TRANSACTION
control field 20220117150821.0
008 - FIXED-LENGTH DATA ELEMENTS--GENERAL INFORMATION
fixed length control field 181214t2014 ph b 000 0 tgl
020 ## - INTERNATIONAL STANDARD BOOK NUMBER
International Standard Book Number 9789715067355
040 ## - CATALOGING SOURCE
Original cataloging agency DLC
Language of cataloging eng
Transcribing agency DLC
Description conventions rda
Modifying agency DLC
-- URS
042 ## - AUTHENTICATION CODE
Authentication code lcode
-- pcc
043 ## - GEOGRAPHIC AREA CODE
Geographic area code a-ph---
050 00 - LIBRARY OF CONGRESS CALL NUMBER
Classification number PL 6058.2
Item number B2299 2014
100 1# - MAIN ENTRY--PERSONAL NAME
Personal name Baquiran, Romulo P.,
Titles and words associated with a name Jr.
Relator term author.
245 10 - TITLE STATEMENT
Title Hiwatig :
Remainder of title pagsipat sa mga tekstong poetiko at popular /
Statement of responsibility, etc. Romulo P. Baquiran, Jr.
264 #1 - PRODUCTION, PUBLICATION, DISTRIBUTION, MANUFACTURE, AND COPYRIGHT NOTICE
Place of production, publication, distribution, manufacture Manila, Philippines :
Name of producer, publisher, distributor, manufacturer UST Publishing House,
Date of production, publication, distribution, manufacture, or copyright notice 2014.
300 ## - PHYSICAL DESCRIPTION
Extent xiii, 232 pages ;
Dimensions 23 cm
336 ## - CONTENT TYPE
Content type term text
Source rdacontent
337 ## - MEDIA TYPE
Media type term unmediated
Source rdamedia
338 ## - CARRIER TYPE
Carrier type term volume
Source rdacarrier
504 ## - BIBLIOGRAPHY, ETC. NOTE
Bibliography, etc. note Includes bibliographical references (pages 185-191).
520 ## - SUMMARY, ETC.
Summary, etc. Literary criticism on poems and popular literature.
524 ## - PREFERRED CITATION OF DESCRIBED MATERIALS NOTE
Preferred citation of described materials note Baquiran, R. P. (2014). Hiwatig: pagsipat sa mg tekstong poetiko at popular. Manila: University of Santo Tomas Publishing House.
546 ## - LANGUAGE NOTE
Language note In Tagalog.
650 #0 - SUBJECT ADDED ENTRY--TOPICAL TERM
Topical term or geographic name entry element Tagalog poetry
Chronological subdivision 20th century
General subdivision History and criticism.
650 #0 - SUBJECT ADDED ENTRY--TOPICAL TERM
Topical term or geographic name entry element Popular literature
Geographic subdivision Philippines
General subdivision History and criticism.
942 ## - ADDED ENTRY ELEMENTS (KOHA)
Source of classification or shelving scheme Library of Congress Classification
Koha item type Filipiniana
Holdings
Withdrawn status Source of classification or shelving scheme Damaged status Not for loan Collection code Home library Current library Shelving location Date acquired Total Checkouts Full call number Barcode Date last seen Price effective from Koha item type
  Library of Congress Classification     Non-fiction Tanay College Library Tanay College Library Reserve Section 12/14/2018   PL 6058.2 B2299 2014 URSTAN-N2713 07/02/2019 06/04/2019 Filipiniana

University of Rizal System
Email us at univlibservices@urs.edu.ph

Visit our Website www.urs.edu.ph/library